Exploring The Book of Kells / (Record no. 185525)

MARC details
000 -LEADER
campo de control de longitud fija 00938nam a2200265 i 4500
001 - NÚMERO DE CONTROL
campo de control 185525
003 - IDENTIFICADOR DE NÚMERO DE CONTROL
campo de control ES-MaACL
005 - FECHA Y HORA DE LA ÚLTIMA TRANSACCIÓN
campo de control 20230906222446.0
008 - DATOS DE LONGITUD FIJA--INFORMACIÓN GENERAL
campo de control de longitud fija 160628s1988 ie ao |||| | eng d
020 ## - NÚMERO INTERNACIONAL ESTÁNDAR DEL LIBRO
Número Internacional Estándar del Libro 0-86278-179-5
080 ## - NÚMERO DE LA CLASIFICACIÓN DECIMAL UNIVERSAL
Número de la Clasificación Decimal Universal 75.057(415)
100 1# - ENTRADA PRINCIPAL--NOMBRE DE PERSONA
Nombre de persona Simms, George Otto.
9 (RLIN) 160033
245 10 - MENCIÓN DEL TÍTULO
Título Exploring The Book of Kells /
Mención de responsabilidad, etc. George Otto Simms ; drawings, David Rooney ; Book of Kells details, Eoin O'Brien.
250 ## - MENCION DE EDICION
Mención de edición 1st publ.
260 ## - PUBLICACIÓN, DISTRIBUCIÓN, ETC.
Lugar de publicación, distribución, etc. Dublin :
Nombre del editor, distribuidor, etc. O'Brien Press,
Fecha de publicación, distribución, etc. 1988.
300 ## - DESCRIPCIÓN FÍSICA
Extensión 72 p. :
Otras características físicas il. col. y n., fot. ;
Dimensiones 23 cm.
599 ## - NOTA A LAS ILUSTRACIONES
NOTA A LAS ILUSTRACIONES Con 8 fot. col. e il. bl. y n.
630 04 - PUNTO DE ACCESO ADICIONAL DE MATERIA--TÍTULO UNIFORME
Título uniforme Book of Kells.
9 (RLIN) 160035
650 #4 - PUNTO DE ACCESO ADICIONAL DE MATERIA--TÉRMINO DE MATERIA
Término de materia o nombre geográfico como elemento de entrada Decoración y ornamentación celta.
9 (RLIN) 158994
650 #4 - PUNTO DE ACCESO ADICIONAL DE MATERIA--TÉRMINO DE MATERIA
Término de materia o nombre geográfico como elemento de entrada Iluminación de manuscritos celta.
9 (RLIN) 160034
700 1# - ENTRADA AGREGADA--NOMBRE PERSONAL
Nombre de persona Rooney, David.
9 (RLIN) 160036
700 1# - ENTRADA AGREGADA--NOMBRE PERSONAL
Nombre de persona O'Brien, Eoin.
9 (RLIN) 160037
740 02 - ENTRADA AGREGADA--TÍTULO RELACIONADO/ANALÍTICO NO CONTROLADO
Título relacionado o analítico no controlado Book of Kells.
852 ## - LOCALIZACIÓN
Ubicación ES-MaACL
Número de control de estantería L-30429
Nota libre - enc. cart.
-- . - Donat. Miguel A. Velasco
Holdings
Estatus retirado Estado de pérdida Estado de daño No para préstamo Biblioteca de origen Biblioteca actual Ubicación en estantería Fecha de adquisición Fuente de adquisición Total de préstamos Signatura topográfica completa Código de barras Visto por última vez Precio de reemplazo Tipo de ítem Koha
        Biblioteca del Ateneo de Madrid Biblioteca del Ateneo de Madrid Depósito 2 28/06/2016     L-30429 1195526 23/02/2023 23/02/2023 Libro impreso